[Event "SK Landau-Dingolfing 1-SV Roehrnbach 1"]
[Site "?"]
[Date "2025.04.06"]
[Round "9.3"]
[White "Neuwerth, Chulian"]
[Black "Hirtreiter, Alexander"]
[Result "1-0"]
[WhiteElo "1995"]
[BlackElo "1912"]
[Annotator "Stockfish 17"]
[PlyCount "75"]
[EventDate "2025.??.??"]
[WhiteTeam "SV Röhrnbach 1"]
[BlackTeam "SK Landau-Dingolfing 1"]

{[%evp 11,75,55,56,49,53,26,64,45,58,55,102,103,115,115,110,113,179,193,191,
182,223,224,237,233,276,194,208,153,154,156,154,141,148,155,168,138,141,108,
109,107,104,110,215,94,160,147,161,160,383,360,416,387,512,509,503,504,506,500,
711,704,746,735,1085,1070,1018,1027]} 1. c4 e5 2. Nc3 Nc6 3. Nf3 f5 4. d4 e4 5.
Ng5 Be7 6. Nh3 Nf6 7. Nf4 (7. e3 O-O 8. Be2 Kh8 9. a3 d5 10. Nf4 {Schmidt,
Wl-Gheorghiu,F   Helsinki zt 1972}) 7... O-O (7... d6 8. e3 O-O 9. h4 Qe8 10.
Be2 Nd8 11. Nb5 {Hanel,R 2365 - Steiner,B 2280 Vienna op 1991}) 8. g3 Qe8 9.
Bg2 a6 10. O-O Qf7 $6 11. b3 $16 d6 12. f3 exf3 13. Bxf3 h6 $2 (13... Bd7 $16)
14. Ncd5 $18 {Schwarz wird sich während der gesamten Partie nicht befreien}
Bd8 15. Bb2 Kh7 16. Qd3 {Weiß hat die wesentlich besseren Aussichten} g6 17.
Rae1 Nxd5 18. Bxd5 (18. cxd5 Ne7 19. e4 Qg7 20. e5 $18) 18... Qg7 19. Bc3 (19.
Be6 $1 Bf6 20. Bxc8 Rfxc8 21. e4 $1 $18) 19... Bf6 {[%cal Rc6d4]} 20. e3 Bd7
21. Bg2 Rae8 22. Nd5 Bd8 23. Kh1 (23. e4 $1) 23... Bc8 24. a3 $16 Ne7 25. Nf4
Ng8 26. e4 Bf6 $2 (26... Nf6 $142 $16) 27. Nd5 (27. g4 $18 fxe4 28. Bxe4 Rxe4
29. Rxe4 Bxg4 30. Ne6 $18) 27... Bd8 (27... h5 $142 28. Nxf6+ Nxf6) 28. e5 $16
c6 29. Nf4 g5 $2 {[#]} (29... dxe5 $16 {war einen Versuch wert.} 30. dxe5 (30.
Rxe5 Bf6 $14) 30... Bc7) 30. Nh5 $18 Qg6 31. g4 Bc7 (31... fxg4 $4 32. Be4 $18)
32. Ng3 {Weiß steht klar auf Gewinn.} Ne7 33. gxf5 Nxf5 34. Be4 Kg8 35. Nxf5
Qh5 36. Ng3 Qh3 37. Bh7+ Kh8 38. exd6 1-0

[Event "SK Landau-Dingolfing 1-SV Roehrnbach 1"]
[Site "?"]
[Date "2025.04.06"]
[Round "9.4"]
[White "Theiss, Johann"]
[Black "Engelbrecht, Alfred"]
[Result "1/2-1/2"]
[WhiteElo "1911"]
[BlackElo "2122"]
[Annotator "Stockfish 17"]
[PlyCount "63"]
[EventDate "2025.??.??"]
[WhiteTeam "SK Landau-Dingolfing 1"]
[BlackTeam "SV Röhrnbach 1"]

{[%evp 9,63,16,22,22,19,7,33,34,39,26,27,17,19,5,5,9,64,12,14,5,11,4,12,7,8,8,
8,-10,-2,-11,-8,-9,0,-2,-1,1,0,-2,-3,-1,0,0,0,-6,0,0,-1,-3,0,0,0,0,0,0,1,0]} 1.
d4 Nf6 2. Nf3 d5 3. c3 c6 4. Qc2 g6 5. Bf4 Bf5 6. Qb3 Qb6 7. Nbd2 Bg7 8. h3 h5
9. e3 Ne4 10. Be2 Nd7 11. O-O Nxd2 12. Nxd2 O-O 13. Nf3 (13. g4 Be6 14. Kg2 Nf6
15. f3 $14 {mit offener h-Linie war gut möglich}) 13... Rfe8 14. Rfe1 e5 15.
dxe5 Nxe5 16. Nxe5 Bxe5 17. Bxe5 Rxe5 18. Qxb6 axb6 19. a3 {Weiß hat eine
passive, aber feste Stellung} b5 20. Rad1 Kg7 21. Rd4 Bc2 22. Bf3 Rae8 23. Bd1
Bxd1 24. Rexd1 Re4 25. Rxe4 Rxe4 $11 {[%mdl 4096] Endspiel KT-KT} 26. Kf1 (26.
Rd4 {führt fast zwangsläufig zum Remis} Kf6 (26... Rxd4 27. cxd4) 27. Kf1 $11
) 26... f5 27. Rd4 g5 28. Ke2 Kf6 29. f3 Re7 30. h4 g4 31. fxg4 fxg4 32. Rf4+
1/2-1/2

[Event "SK Landau-Dingolfing 1-SV Roehrnbach 1"]
[Site "?"]
[Date "2025.04.06"]
[Round "9.5"]
[White "Hittinger, Christian"]
[Black "Huber, Florian"]
[Result "0-1"]
[WhiteElo "1960"]
[BlackElo "1846"]
[Annotator "Stockfish 17"]
[PlyCount "94"]
[EventDate "2025.??.??"]
[WhiteTeam "SV Röhrnbach 1"]
[BlackTeam "SK Landau-Dingolfing 1"]

{[%evp 31,94,26,28,-35,15,-82,-72,-97,-32,-29,-30,-37,-31,-32,-40,-41,-36,-35,
-10,-54,-61,-96,-57,-56,-49,-49,-45,-133,-127,-132,-112,-107,-102,-112,-105,
-358,-210,-212,-219,-252,-228,-230,-235,-297,-281,-271,-297,-272,-240,-247,
-144,-170,-166,-182,-193,-156,-109,-454,-445,-871,-848,-29997,-29995,-29995,
-29996]} 1. e4 e5 2. Nf3 Nc6 3. Bb5 a6 4. Ba4 Nf6 5. d3 (5. O-O {mit mehreren
Möglichkeiten für beide Seiten erfordert einiges Theoriewissen} Be7 (5...
Nxe4 6. d4 b5 7. Bb3 d5 8. dxe5) 6. Re1 b5 7. Bb3 d6 8. c3 O-O {ist wohlbekannt
}) 5... b5 6. Bb3 Be7 (6... Bc5 {ist auch möglich}) 7. c3 O-O 8. O-O d6 9. h3
Na5 10. Bc2 c5 11. Re1 Bb7 12. Nbd2 Re8 13. Nf1 Nc6 14. Ng3 g6 15. Bb3 (15. Bh6
Bf8 16. Qd2 $14) 15... Na5 16. Bc2 Bf8 17. b3 $6 (17. Bd2 $11) 17... Bg7 18. c4
$6 {positionell etwas abwegig} (18. b4 $11 cxb4 19. cxb4) 18... Nc6 $17 19. Be3
Nd4 (19... b4 $17) 20. Nxd4 $15 cxd4 21. Bd2 Nd7 22. cxb5 axb5 23. b4 Nb6 $1
24. Bb3 $11 Qd7 25. Rf1 (25. Rc1 {ist naheliegender}) 25... d5 26. f3 $6 Rec8
27. Rc1 Rxc1 28. Bxc1 Na4 29. Bxa4 $2 (29. Bd2 $15) 29... bxa4 $17 30. a3 Qb5
$17 31. Qd2 Ba6 32. Rd1 Rc8 33. Nh1 $2 {[%mdl 8192] [#]} (33. Bb2 $17) 33...
Rc3 (33... Qxd3 $142 $1 {[%mdl 512]} 34. Qxd3 Bxd3 35. exd5 (35. Rxd3 $143
Rxc1+ 36. Kh2 f5 $19) 35... Bb5 $19) 34. Nf2 $19 dxe4 35. fxe4 {[#]} Qc6 $1 36.
Qe1 Qe6 37. Bb2 Rc2 38. Rd2 Qb3 39. Rxc2 Qxc2 40. Qc1 Bxd3 41. Nxd3 $17 Qxd3
$19 42. Qc8+ Bf8 43. Bc1 {Droht Lh6 und aus.} Kg7 {Und weiter mit ...Le7 wäre
nett.} (43... Qc3 $1 44. Qxc3 dxc3 45. Kf2 f5 46. exf5 gxf5 47. Ke2 Kf7 48. Kd3
Ke6 49. Kxc3 Kd5 $19 {war für Stockfish einfach, aber für einen Spieler
schwer abzuschätzen}) 44. Qc6 $2 {[%mdl 8192]} (44. Bh6+ $17 Kxh6 45. Qxf8+
Kg5 46. Qxf7 Qxe4 {war auch sehr beschwerlich für Weiß}) 44... Be7 $1 $19 {
...Lh4 ist eine echte Drohung.} 45. b5 (45. Qc7 $142 Bf6 46. Kh2) 45... Bh4 {
( -> ...Dd1+) Weiß ist verloren} 46. Bb2 Qd1+ 47. Kh2 Qe1 {[%csl Ge1][%cal
Rh4g3]} 0-1

[Event "SK Landau-Dingolfing 1-SV Roehrnbach 1"]
[Site "?"]
[Date "2025.04.06"]
[Round "9.6"]
[White "Fuchsgruber, Helmut"]
[Black "Reineke, Malte"]
[Result "1-0"]
[WhiteElo "1804"]
[BlackElo "1956"]
[Annotator "Stockfish 17"]
[PlyCount "89"]
[EventDate "2025.??.??"]
[WhiteTeam "SK Landau-Dingolfing 1"]
[BlackTeam "SV Röhrnbach 1"]

{[%evp 18,89,-26,-26,-17,-19,-12,-8,11,-43,-26,-57,-67,-67,-68,-97,-94,-131,
-139,-117,-105,-110,-81,-119,-3,2,39,24,29,28,58,58,57,56,146,87,113,103,151,0,
134,-4,67,-36,0,0,-3,-17,-23,-48,56,-80,-45,-77,20,23,22,20,24,22,39,72,163,
155,214,195,297,24,279,-203,510,486,529,519]} 1. Nf3 g6 2. e4 Bg7 3. d4 d6 4.
c4 Nf6 5. Nc3 O-O 6. Be2 e5 7. d5 (7. O-O Nc6 8. d5 Ne7 9. Ne1 Nd7 10. Nd3 f5 {
ist ein oft gespieltes System in Königsindisch}) 7... a5 8. O-O Na6 9. h3 Nc5
10. Qc2 Bd7 11. Bg5 h6 12. Be3 b6 $11 13. Nh2 $6 Qe7 14. Ng4 Nxg4 $15 15. Bxg4
({vorzuziehen ist} 15. hxg4 f5 16. gxf5 gxf5 17. Bxc5) 15... f5 16. exf5 gxf5
17. Bh5 Qh4 $17 18. Be2 f4 19. Bxc5 bxc5 20. Bf3 {[#]} Rab8 (20... e4 $1 $17 {
[%cal Re4f3]} 21. Qxe4 (21. Nxe4 Rab8 22. Rab1 $17) 21... Rae8 $40) 21. Ne4 $11
Kh8 22. Rad1 {[%cal Ba1d1,Bd1d3,Bd3a3][%mdl 32]} Rg8 23. Kh2 Bf6 24. Rd3 Rg7
25. Ra3 a4 (25... Rbg8 $14 26. Rxa5 $4 (26. Qd3 $142 $1 Ra8 27. Re1 $16) 26...
Rxg2+ $1 27. Bxg2 f3 $19 {so darf Weiß nicht spielen}) 26. Rd1 (26. b3 axb3
27. Rxb3 $16 {kam sehr in Frage}) 26... Rbg8 27. Qe2 Bd8 28. Rdd3 $2 (28. b3
$16 {da muß Weiß den Hebel ansetzen}) 28... Qe7 (28... Bg4 $1 $11 29. Qf1
Bxf3 30. gxf3 $13) 29. Nc3 ({Besser ist} 29. b3 $16) 29... Qg5 (29... Rg6 $11)
30. Qf1 (30. Rd1 $1 $14) 30... Bf5 31. Ne4 Qg6 32. Qe1 Bh4 33. Rd2 Bd7 (33...
h5 $15) 34. Nc3 (34. b3 $14) 34... Bf5 35. Rxa4 $2 {[#]} (35. Ne4 $11) 35... e4
$3 (35... Qxg2+ $1 $17 36. Bxg2 Rxg2+ 37. Kh1 f3) 36. Nxe4 Re7 {[%cal Rf5e4]} (
36... Bxe4 $1 37. Qxe4 Bg3+ $1 38. Kg1 Re8 $19) 37. Re2 Rge8 {[%cal Rf5e4]} 38.
Nc3 {Droht stark Txe7.} Rxe2 (38... Re3 $1 39. fxe3 (39. Rxe3 fxe3 40. g3 $17 {
war auch nicht die beste Wahl}) (39. Qg1 Rxe2 40. Nxe2 $11 {war ratsam}) 39...
Bxe1 $19 {geht natürlich nicht}) 39. Nxe2 Bf6 $2 (39... Qf6 $16 {ist wohl
besser.}) (39... Qg7 40. Qc3 Qxc3 41. bxc3 Bxf2 {ist sehr ausgeglichen}) 40.
Qd2 $1 Qg7 41. b4 (41. Qxf4 $4 Be5 $19) (41. Nxf4 Bg5 $18 {geht, muß man aber
nicht riskieren}) 41... cxb4 (41... Be5 {ist eine bessere Verteidigung.} 42.
bxc5 (42. Nxf4 Rf8 $11) 42... dxc5 43. Nxf4 Bc3) 42. Qxb4 $2 {und in dieser
komplizierten Stellung ereignen sich reihenweise Fehler} ({Weiss braucht} 42.
Rxb4 $18 {a4 ist eine echte Drohung.} Ra8 43. a4 (43. Qxf4 $2 Be5 $19) (43.
Nxf4 $2 Bc3 $19 {[%mdl 64] Doppelangriff})) 42... Bd3 $2 {[%mdl 8192]} (42...
Bh4 $1 $11 43. Ra3 Bxf2) 43. Qb5 $4 {[%mdl 8192]} (43. Nxf4 Be5 44. Qd2 Bf5 45.
Ra3 $18) 43... Rxe2 $4 {[%mdl 8192]} (43... Rg8 $19 {und Schwarz kann
entspannen. Weiss muss nun ...Lxe2 beachten.} 44. Qb7 (44. Nxf4 $2 Be5 $19)
44... Bxe2) 44. Bxe2 $18 {Weiss droht Ta8+ und Matt.} Bxe2 45. Qe8+ {[%mdl 64]
Doppelangriff.} 1-0

[Event "SK Landau-Dingolfing 1-SV Roehrnbach 1"]
[Site "?"]
[Date "2025.04.06"]
[Round "9.7"]
[White "Binder, Karlheinz"]
[Black "Senff, Rudolf"]
[Result "1-0"]
[WhiteElo "2072"]
[BlackElo "1693"]
[Annotator "Stockfish 17"]
[PlyCount "97"]
[EventDate "2025.??.??"]
[WhiteTeam "SV Röhrnbach 1"]
[BlackTeam "SK Landau-Dingolfing 1"]

{[%evp 16,97,51,39,63,63,107,110,108,48,132,137,241,247,237,242,358,325,331,
330,345,315,300,305,346,346,383,368,386,364,365,323,370,371,349,204,211,203,
297,276,284,268,270,268,259,218,247,193,276,191,199,149,158,146,228,201,201,
191,227,189,222,220,234,211,245,284,309,304,292,275,270,258,328,314,351,364,
363,372,444,437,786,759,844,828]} 1. c4 Nf6 2. Nc3 g6 3. Nf3 Bg7 4. d4 O-O 5.
Bg5 h6 6. Bh4 d6 7. e3 c6 8. Be2 Nbd7 9. Qc2 Re8 10. O-O g5 $6 11. Bg3 e5 12.
Rfd1 e4 $2 (12... Nh5 $14) 13. Nd2 $16 {[%cal Rd2e4]} d5 $2 (13... Qe7 $16) 14.
cxd5 $18 cxd5 {[#]} 15. Nb5 $1 $18 {und die Partie ist praktisch schon
entschieden} Re7 (15... Re6 $142 16. Qc7 Qe8) 16. Bc7 Qe8 17. Bd6 {Sc7 ist
eine echte Drohung.} Nb6 18. Nc7 (18. Bxe7 Qxe7 19. a4 $18 {gewinnt auch})
18... Rxc7 19. Qxc7 g4 20. Rdc1 Nbd7 21. Bb5 Kh7 22. Nf1 Qe6 23. Bf4 Nh5 24.
Bxd7 Bxd7 25. Ng3 {läßt etwas nach} (25. Qxb7 $142 Nxf4 26. Qxa8 Ne2+ 27. Kh1
$18) 25... Nxf4 26. Qxf4 Bc6 27. Qf5+ Qg6 28. h3 gxh3 29. Qxh3 Bf8 30. Qf5 Rd8
31. f3 exf3 (31... Bd6 $142) 32. gxf3 Bd6 33. Qxg6+ fxg6 34. Kf2 Re8 35. Ne2
Rf8 36. Rg1 Rf7 37. Rad1 a5 38. Nc1 a4 39. a3 h5 40. Nd3 Rf5 41. f4 Be7 42. Rg2
g5 43. Rdg1 g4 44. Rh2 Kg8 45. Ne5 Be8 46. Kg3 Rf6 47. Rc1 {Weiß steht klar
auf Gewinn.} Rb6 (47... b5 $142 48. Rc8 Rf8) 48. Rc8 h4+ 49. Kxg4 1-0

[Event "SK Landau-Dingolfing 1-SV Roehrnbach 1"]
[Site "?"]
[Date "2025.04.06"]
[Round "9.8"]
[White "Barone, Giacomo"]
[Black "Gibis, Reinhard"]
[Result "0-1"]
[WhiteElo "1479"]
[BlackElo "1840"]
[Annotator "Stockfish 17"]
[PlyCount "80"]
[EventDate "2025.??.??"]
[WhiteTeam "SK Landau-Dingolfing 1"]
[BlackTeam "SV Röhrnbach 1"]

{[%evp 12,79,44,-9,-6,-60,-60,-84,-81,-74,-75,-94,-81,-143,-120,-128,-125,-171,
-93,-376,-175,-434,-422,-531,-524,-589,-589,-665,-640,-764,-757,-740,-711,-976,
-792,-880,-826,-820,-803,-783,-784,-818,-817,-818,-810,-800,-798,-794,-791,
-801,-789,-29994,-29995,-29995,-29996,-29996,-777,-29993,-29993,-29993,-29994,
-29996,-29995,-29996,-29997,-29997,-29998,-29998,-29999,-29999]} 1. Nf3 Nf6 2.
e3 e6 3. c4 d5 4. Nc3 c5 5. cxd5 Nxd5 6. Nxd5 Qxd5 7. d4 Nc6 8. Bb5 cxd4 9.
Bxc6+ {Weiß hat die Abtauschsucht, aus Angst vor dem stärkeren Gegner} bxc6 {
Schwarz steht besser.} 10. Qxd4 Ba6 11. Qxd5 cxd5 12. b3 $19 Rc8 13. Bd2 Ba3
$36 {[%mdl 2048]} 14. Ba5 O-O 15. b4 $2 {[%mdl 8192] das geht gründlich schief
} (15. Kd2 $17) 15... Rc4 (15... Bb2 $142 16. Rd1 Rc2 $19) 16. Nd2 $2 Rc2 $19
17. Rg1 Rfc8 18. f3 Bb5 19. e4 Bc1 20. Nb3 Be3 {[#] ( -> ...Lf2+)} 21. Rf1 Rxg2
22. a4 Bc4 23. Rc1 Bxc1 24. Nxc1 Bxf1 25. Kxf1 Rxh2 {[%cal Rc8c1] [#]} 26. Kg1
Rd2 {[%cal Rc8c1]} 27. Nb3 Rd1+ 28. Kf2 Rc2+ 29. Ke3 d4+ 30. Kf4 f6 31. Nc5 g5+
32. Kg3 Rg1+ 33. Kh3 Rcg2 (33... Rh1+ $142 34. Kg3 Rhh2 35. f4 Rcg2+ 36. Kf3
g4#) 34. Nxe6 h5 {Schwarz setzt Matt.} 35. Nxg5 fxg5 36. e5 Kf7 37. b5 Kg6 38.
Bc7 g4+ 39. fxg4 hxg4+ 40. Kh4 Rh1# 0-1

[Event "SV Deggendorf 2-SC Groebenzell 2"]
[Site "?"]
[Date "2025.04.06"]
[Round "9.1"]
[White "Schmidt, Anton"]
[Black "Krstic, Petar"]
[Result "0-1"]
[WhiteElo "2060"]
[BlackElo "2281"]
[Annotator "Stockfish 17"]
[PlyCount "112"]
[EventDate "2025.??.??"]
[WhiteTeam "SC Gröbenzell 2"]
[BlackTeam "SV Deggendorf 2"]

{[%evp 10,112,0,-6,13,4,11,15,20,0,0,5,4,6,14,8,6,8,9,0,10,2,12,16,17,13,21,16,
22,13,13,12,13,-3,-11,-12,0,-3,7,-24,-24,-24,-20,-27,0,0,0,-50,-10,-88,-101,
-172,-172,-423,-121,-130,-82,-288,-285,-255,-127,-264,-257,-320,-309,-282,-306,
-287,-147,-128,-71,-70,-71,-77,-83,-233,-257,-226,-218,-272,-272,-267,-244,
-280,-261,-345,-329,-372,-370,-396,-365,-549,-518,-555,-516,-821,-808,-1082,
-939,-772,-445,-29995,-29996,-29996,-29997]} 1. c4 c6 2. g3 d5 3. Nf3 Nf6 4.
Bg2 Bf5 5. cxd5 cxd5 6. Qb3 Bc8 (6... Qb6 7. Qxb6 axb6 8. Nc3 {ist durchaus
bekannt} Nc6 9. d3 e5 10. Bd2 h6 11. a3 Bc5 {Ribli,Z-Seirawan,Y London 1984}) (
6... Nc6 7. Qxb7 Bd7 8. Qb3 e5 9. d3 Rb8 10. Qd1 Bb4+ 11. Nfd2 {Sloth-Abramov,
L corr 1980}) 7. Nc3 Nc6 {[%cal Bb8c6,Bc6a5,Ba5c4][%mdl 32]} 8. d4 e6 9. Bf4
Be7 10. O-O O-O 11. Rac1 $11 Na5 12. Qc2 Bd7 13. Ne5 Be8 14. Rfd1 Rc8 15. Qb1
b5 16. b4 Nc4 17. e4 $1 dxe4 (17... a5 18. bxa5 Ba3 19. exd5 Bxc1 20. Rxc1 Nxd5
$11 {war auch möglich}) 18. Nxe4 Nd5 19. Nc5 Nxf4 20. gxf4 Nxe5 21. dxe5 Qb6
22. Ne4 Rxc1 23. Rxc1 f6 24. Nc5 (24. exf6 gxf6 25. Qb3 Kh8 26. Qc3 $11) 24...
fxe5 25. fxe5 Bh4 26. Rf1 Rf4 27. Qb3 Bf7 $11 {noch ist nicht erkennbar, daß
dem Weißen etwas drohen könnte} 28. Bh3 Qc6 29. f3 $6 {dieser Zug ist
allerdings nicht gut} (29. Bg2 $11 {hält das Gleichgewicht.} Qc7 30. Qe3) (29.
Bxe6 $4 Rg4+ $19 {geht offensichtlich nicht}) (29. Nxe6 $2 Rc4 $19 {geht auch
nicht}) 29... Rc4 $17 30. Rd1 $2 (30. Qa3 $17) 30... Be7 $19 {innerhalb von
nur 2 Zügen hat sich der Stellung total verändert} 31. Kh1 $2 {[#]} (31. Ne4)
31... g5 (31... Rxb4 $3 $19 {[%mdl 512] war ein knallharter Zug} 32. Qa3 (32.
Qe3 Bxc5) 32... Rc4) 32. Bg2 Bxc5 (32... a5 $142 $1) 33. bxc5 $2 (33. f4 $17
Qc7 34. bxc5 {hätte der Weiße finden müssen}) 33... Qxc5 34. Bf1 Rh4 (34...
Rc2 $19 {bietet bessere Gewinnchancen.} 35. Qd3 Kg7) 35. Qb2 $2 (35. Qxb5 $17 {
ist der einzige Weg für Weiss..} Qf2 {[%mdl 64] Doppelangriff} 36. Bg2) 35...
b4 36. Rc1 Qe3 37. Rc8+ Kg7 38. Qe2 Qb6 (38... Qf4 $142 $19 39. Rc4 Qxc4 40.
Qxc4 Rxc4 41. Bxc4 Be8) 39. Qd2 $17 h6 $40 {[%mdl 128] zielt auf ...Db7 ab.
Schwarz will per K.O. gewinnen.} 40. Qd8 $1 {und Weiß ist dem Remis sehr nahe}
Qxd8 41. Rxd8 $15 {[%mdl 4096] Endspiel KTL-KTL} Rf4 42. Rd7 $2 {[#]} (42. Kg2
$17 {war erzwungen.}) 42... a5 $1 $19 ({Viel schwächer ist} 42... Rxf3 43. Bc4
$17) 43. Ra7 Rxf3 44. Bc4 Kg6 45. Rxa5 Rf4 46. Bb3 {[#]} Kf5 $1 47. Bc2+ Kg4
48. Kg2 (48. Bd1+ Kh3 49. Kg1 Bg6 50. Be2 Re4 $19) 48... Rd4 {Droht stark ...
Td2+.} 49. Bb3 Kf4 50. Ra7 (50. Ra6 $142 Kxe5 51. Kg1) 50... Bh5 51. Bxe6 {
und die Idee Lb3 ließe Weiss weiter hoffen.} Bf3+ 52. Kf2 (52. Kh3 $142 Rd3
53. Rf7+ Kxe5 54. Bc4) 52... Rd2+ 53. Kg1 Rg2+ {#17 ist die Diagnose von
Stockfish} 54. Kf1 Rxh2 {( -> ...Ke3)} (54... Ke3 55. Rf7 g4 {#12}) 55. Bc4 (
55. Rf7+ $19 Ke3 56. Rxf3+ Kxf3 57. Bd5+ Kg3 58. Ke1) 55... Ke3 {[%cal Rh2h1]}
56. Ke1 Rc2 {[%cal Rc2c1]} 0-1

[Event "SV Deggendorf 2-SC Groebenzell 2"]
[Site "?"]
[Date "2025.04.06"]
[Round "9.2"]
[White "Firlbeck, Hubert"]
[Black "Walter, Tobias"]
[Result "0-1"]
[WhiteElo "2039"]
[BlackElo "2081"]
[Annotator "Stockfih 17"]
[PlyCount "102"]
[EventDate "2025.??.??"]
[WhiteTeam "SV Deggendorf 2"]
[BlackTeam "SC Gröbenzell 2"]

{[%evp 19,102,-25,-24,-38,-4,-40,-39,-35,-28,-33,-5,7,44,-57,-54,-64,-66,-64,
-63,-90,-88,-105,-95,-84,-73,-138,-137,-139,-124,-250,-248,-253,-228,-328,-326,
-335,-314,-339,-347,-364,-309,-317,-317,-340,-268,-311,-309,-307,-300,-308,
-269,-282,-278,-269,-275,-340,-340,-362,-360,-372,-368,-454,-443,-441,-376,
-380,-380,-416,-406,-417,-418,-409,-388,-422,-401,-521,-471,-700,-693,-684,
-639,-700,-695,-784,-783]} 1. Nf3 d5 2. g3 Nf6 3. Bg2 c6 4. b3 Bf5 5. Bb2 e6 6.
O-O h6 7. d3 Be7 8. Nbd2 O-O 9. c4 a5 10. a3 Bh7 11. Rc1 Bd6 12. Rc2 Qe7 13.
Qa1 Nbd7 {[%cal Bb8d7,Bd7c5,Bc5d3][%mdl 32]} 14. Bh3 Nc5 15. cxd5 cxd5 ({
präziser war} 15... exd5) 16. Be5 $6 {[#]} (16. Rfc1 $14) (16. Nd4 $14) 16...
Nxd3 $1 $15 {mutig gespielt, aber auch aussichtsreich} 17. Bxd6 Qxd6 18. exd3
Bxd3 {[%mdl 64] [#] Doppelangriff} 19. Rcc1 (19. Ra2 $15) 19... Bxf1 20. Bxf1
$17 Rac8 21. a4 Qb4 (21... Rxc1 22. Qxc1 Qc6 23. Qxc6 bxc6 $17 {auch wenn es
noch viel Arbeit erfordert}) 22. Rxc8 $6 (22. Qb2 $142) 22... Rxc8 $17 23. Qe5
Nd7 24. Qd4 $2 (24. Qe3 {die Damen sollte er auf dem Brett lassen}) 24... Qxd4
$19 25. Nxd4 Rc1 26. Kg2 (26. f4 {war die einzige Verteidigung.}) 26... Rd1 27.
N4f3 Nc5 28. Be2 Ra1 29. Bb5 Ra2 $19 {die weiße Stellung ist verloren} 30. Kf1
Rb2 31. Ke1 g6 (31... Nxb3 32. Nxb3 Rxb3 {war auch sofort möglich}) 32. Kd1 {
Weiss plant Kc1.} Nxb3 33. Nxb3 Rxb3 34. Ne5 {und die Idee Kc2 ließe Weiss
weiter hoffen.} Rc3 35. Nd7 Kg7 36. Kd2 Rc7 37. f4 f6 38. Kd3 Kf7 39. Kd4 Ke7
40. Nc5 Kd6 41. Nb3 e5+ 42. Kd3 b6 43. Be8 {die Leichtfiguren können nichts
ausrichten} Rc4 44. Nd2 Rb4 45. fxe5+ fxe5 46. h3 e4+ 47. Ke3 Ke5 {Schwarz
steht klar auf Gewinn.} 48. Bb5 Rb2 {[#] Und ...d4+ würde nun gewinnen.} 49.
Ke2 Kd4 50. Kd1 Kc3 51. Nf1 d4 0-1

[Event "SV Deggendorf 2-SC Groebenzell 2"]
[Site "?"]
[Date "2025.04.06"]
[Round "9.3"]
[White "Tunka, Philipp"]
[Black "Tauber, Rainer"]
[Result "1-0"]
[WhiteElo "2019"]
[BlackElo "1982"]
[Annotator "Stockfish 17"]
[PlyCount "99"]
[EventDate "2025.??.??"]
[WhiteTeam "SC Gröbenzell 2"]
[BlackTeam "SV Deggendorf 2"]

{[%evp 10,99,-3,-15,44,11,57,56,59,56,60,62,65,43,43,12,27,25,20,19,18,11,11,
13,19,18,76,2,23,26,33,30,96,33,120,121,131,18,18,24,143,137,142,117,148,188,
189,180,223,192,255,256,278,281,346,338,333,322,357,344,346,348,376,355,338,
283,290,245,275,274,265,261,266,216,399,397,399,402,489,473,477,474,534,536,
530,530,544,528,580,558,730,726]} 1. d4 Nf6 2. c4 e6 3. Nf3 d5 4. g3 dxc4 5.
Qa4+ Nbd7 6. Bg2 c5 (6... a6 7. Qxc4 b5 8. Qc6 Rb8 9. Bf4 Nd5 {kommt in der
Praxis durchaus vor} 10. Bg5 Be7 (10... Bb4+ 11. Nbd2 Ne7 12. Bxe7 Kxe7 13. Qc2
{Smyslov,V-Polgar,S London Women-Vterans 1996}) 11. Bxe7 Qxe7 12. Nc3 Nb4 {
Illescas Cordoba,MOnischuk,A Hoogovens Wijk 1997  als sehr ausführlich
kommentierte Partie}) 7. Nc3 (7. Qxc4 b6 8. O-O Bb7 9. Nc3 a6 10. dxc5 b5 11.
Qh4 Bxc5 12. Bg5 Rc8 13. Rad1 Qc7 {Karpov,A-Ljubojevic,L 1/2, Tilburg 1983})
7... Be7 (7... a6 8. O-O Be7 9. dxc5 Bxc5 10. Ne5 O-O 11. Nxd7 Bxd7 {Xu
Jun-Lian Ann,T Asia-chT 1987}) 8. dxc5 O-O (8... Bxc5 9. O-O a6 10. Qxc4 b5 11.
Qh4 Bb7 {Tsesarsky,I-Zak,U Rishon le Zion 1997}) 9. Qxc4 Nxc5 (9... Bxc5 10.
O-O a6 11. b4 Be7 12. Qb3 {Sosonko,G-Radashkovich,I Leningrad ch 1970}) 10. Be3
b6 $6 (10... Na6 $142 11. O-O Qc7 12. Qb3 Nc5 $14) 11. Rd1 (11. Bxc5 $1 Bxc5
12. Ne5 Nd5 13. Nxd5 exd5 14. Bxd5 $16 {+1.77 ist ein klarer Vorteil}) 11...
Ba6 12. Qf4 Qc8 13. O-O Bb7 {die  Stellung ist für beide Seiten sehr annehmbar
} 14. Ne5 Bxg2 15. Kxg2 Qb7+ 16. Qf3 Qxf3+ 17. Kxf3 Rac8 (17... Rfc8 $142) 18.
Bxc5 (18. Nb5 $142 a5 19. Na7 Rc7 20. Nac6 $16) 18... Bxc5 19. Nd7 Nxd7 20.
Rxd7 a6 {[#]} (20... Bb4 $11 21. Nb5 Rc2 22. a3 Bd2 23. Rxa7 Rxb2 {bleibt
ausgeglichen}) 21. Rfd1 (21. Ne4 $1 $16) 21... Ra8 $2 (21... Ba3 $14 22. Na4 b5
23. bxa3 bxa4 {riecht sehr nach Remis}) 22. Ne4 $16 Rfc8 23. Ng5 $6 $11 (23.
Rb7 $16 Bf8 24. Rdd7 $16 {+2.04}) 23... h6 $11 24. Ne4 $36 {[%mdl 2048] Weiss
drückt.} Re8 $2 (24... Bf8 $11 {hält das Gleichgewicht.}) 25. Nxc5 $16 bxc5 {
[%mdl 4096] Endspiel KTT-KTT  die weißen Türme stehen stark, auf c5 1
Isolani. Die Stellung ist für Schwarz sehr schwierig} 26. Rc7 Rec8 27. Rdd7
Rxc7 28. Rxc7 $18 {KT-KT} Rb8 29. b3 Rb5 (29... a5 {kämpft weiter.} 30. Rxc5
Ra8 31. Ke4 f6 32. Kd4 e5+ 33. Kc4 Kf7 34. a4 {Weiß hat alle Trümpfe in
seiner Hand}) 30. Ke3 g6 31. Kd3 Rb4 32. Rxc5 Rb6 33. Kc3 Kg7 34. a4 {der
Weiße hat große Gewinnchancen [#]} Kf6 35. h4 h5 36. Rc7 e5 37. Kc2 (37. b4
e4 38. Kc4 Rd6 39. e3 Rd2 40. Rc6+ Ke5 41. Rxa6 $18 {Weiß gewinnt}) 37... Ke6
38. Rc4 Kd5 39. e4+ Kd6 40. b4 Kd7 41. Kb3 Kd6 {[#]} (41... Rf6 42. f4 exf4 43.
e5 Re6 44. Rd4+ Ke7 45. gxf4 $18 {ist auch gewonnen}) 42. Rc5 f6 43. Kc4 Rb8
44. b5 {Weiß steht klar auf Gewinn.} axb5+ 45. axb5 {[%cal Ba4b5,Bb5b6,Bb6b7]
[%mdl 32]} Ra8 {Jetzt ...Ta4+ und Schwarz darf weiter klammern.} 46. Rc6+ Ke7
47. b6 Ra1 48. Kb5 Rb1+ 49. Ka6 Rb2 50. b7 1-0